Individual conceptions of public service motivation (Record no. 45220)

000 -LEADER
fixed length control field 01272pab a2200193 454500
008 - FIXED-LENGTH DATA ELEMENTS--GENERAL INFORMATION
fixed length control field 180718b2000 xxu||||| |||| 00| 0 eng d
100 ## - MAIN ENTRY--PERSONAL NAME
Personal name Brewer, Gene A.
245 ## - TITLE STATEMENT
Title Individual conceptions of public service motivation
260 ## - PUBLICATION, DISTRIBUTION, ETC.
Date of publication, distribution, etc. 2000
300 ## - PHYSICAL DESCRIPTION
Extent p.254-64
362 ## - DATES OF PUBLICATION AND/OR SEQUENTIAL DESIGNATION
Dates of publication and/or sequential designation May-Jun
520 ## - SUMMARY, ETC.
Summary, etc. Many scholars and practitioners of public administration converge on the belief that some individuals are predisposed to perform public service. James L. Perry (1996) recently clarified the public service motivation (PSM) construct and proposed a measurement scale. The present study builds on and extends this important stream of research by examining how individuals view the motives associated with public service. Specifically, we use on intensive research technique called Q-methodology to examine the motives of 69 individuals. We identify four distinct conceptions of PSM: individuals holding these conceptions are referred to as samaritans, communitarians, patriots, and humanitarians. The practical and theoretical implications of these findings are discussed. - Reproduced
650 ## - SUBJECT ADDED ENTRY--TOPICAL TERM
Topical term or geographic name entry element Motivation
650 ## - SUBJECT ADDED ENTRY--TOPICAL TERM
Topical term or geographic name entry element Civil service
700 ## - ADDED ENTRY--PERSONAL NAME
Personal name Facer, Rex L. II.
700 ## - ADDED ENTRY--PERSONAL NAME
Personal name Selden, Sally Coleman
773 ## - HOST ITEM ENTRY
Main entry heading Public Administration Review
909 ## -
-- 45220
Holdings
Withdrawn status Lost status Damaged status Not for loan Permanent Location Current Location Date acquired Serial Enumeration / chronology Barcode Date last seen Price effective from Koha item type
        Indian Institute of Public Administration Indian Institute of Public Administration 2018-07-19 Volume no: 60, Issue no: 3 AR45642 2018-07-19 2018-07-19 Articles

Powered by Koha